000 00357nam a22001337a 4500
082 _a536
_bAWB
_cL-6, P-1
100 _aAwbery, J.H.
_940044
245 _aA textbook on heat.
260 _aLondon
_blongmans Green and Co.
_c1949
300 _ax, 301 p. :
_bill. :
_c6 Cm
526 _a0
_b0
_c0
_d536_000000000000000_AWB
650 _aMCE
_9379
942 _2ddc
_cBK
999 _c544417
_d544417